[Event "GEO-ch (Women) 75th"]
[Site "Tbilisi"]
[Date "2018.02.24"]
[Round "8"]
[White "Batsiashvili, Nino"]
[Black "Tsereteli, Tamari"]
[Result "1-0"]
[WhiteElo "2504"]
[BlackElo "2332"]
[PlyCount "97"]
[EventDate "2018.02.16"]
[EventType "tourn"]
[EventRounds "9"]
[EventCountry "GEO"]
[EventCategory "5"]
[SourceTitle "CBM 183 Extra"]
[Source "ChessBase"]
[SourceDate "2018.04.19"]
[SourceVersion "1"]
[SourceVersionDate "2018.04.19"]
[SourceQuality "1"]

1. d4 Nf6 2. c4 g6 3. Nc3 Bg7 4. e4 d6 5. h3 0-0 6. Be3 a6 7. Nf3 c6 8. c5 b5 9. cxb6 Qxb6 10. Qd2 a5 11. Be2 Ba6 12. 0-0 Bxe2 13. Qxe2 Na6 14. Rac1 Rfb8 15. b3 Qb7 16. Rfd1 Nc7 17. Qd3 Nb5 18. Na4 Na3 19. Nd2 Qb5 20. Qf1 Nd7 21. Nc4 Nxc4 22. Qxc4 Rc8 23. Rd3 Qxc4 24. Rxc4 c5 25. Rdc3 Rcb8 26. dxc5 Bxc3 27. c6 Nc5 28. Nxc5 dxc5 29. Rxc3 Rc8 30. Rxc5 Ra6 31. c7 Ra7 32. Rb5 Raxc7 33. Rxa5 Rb7 34. Bc5 e5 35. b4 Rbb8 36. a4 f6 37. Kf1 Ra8 38. Rxa8 Rxa8 39. a5 Kf7 40. Ke2 Ke6 41. Kd3 Kd7 42. Kc4 Kc7 43. Bb6+ Kb7 44. b5 h5 45. Kb4 f5 46. Bc5 Kc7 47. a6 Rd8 48. b6+ Kc6 49. b7 1-0

[Event "GEO-ch (Women) 75th"]
[Site "Tbilisi"]
[Date "2018.02.22"]
[Round "6"]
[White "Khotenashvili, Bela"]
[Black "Tsereteli, Tamari"]
[Result "1-0"]
[WhiteElo "2487"]
[BlackElo "2332"]
[PlyCount "87"]
[EventDate "2018.02.16"]
[EventType "tourn"]
[EventRounds "9"]
[EventCountry "GEO"]
[EventCategory "5"]
[SourceTitle "CBM 183 Extra"]
[Source "ChessBase"]
[SourceDate "2018.04.19"]
[SourceVersion "1"]
[SourceVersionDate "2018.04.19"]
[SourceQuality "1"]

1. d4 Nf6 2. Nf3 g6 3. c4 Bg7 4. Nc3 0-0 5. e4 d6 6. h3 e5 7. d5 a5 8. g4 Na6 9. Be3 Nd7 10. a3 Nb6 11. Nd2 Bd7 12. h4 h6 13. h5 g5 14. Be2 Nc5 15. b4 axb4 16. axb4 Nca4 17. Nxa4 Nxa4 18. Qc2 b5 19. cxb5 Nb6 20. Ra5 Qc8 21. f3 Rb8 22. Kf2 Rb7 23. Rha1 Qb8 24. Nb3 f5 25. exf5 Bf6 26. Nd2 Kg7 27. Qa2 Qe8 28. Ne4 Nc8 29. Rc1 Be7 30. Qc4 Qf7 31. Qa2 Bd8 32. Ra8 Nb6 33. Bxb6 Rxb6 34. Rxd8 Rxd8 35. Rxc7 Kh8 36. Qa7 Rbb8 37. Nxd6 Qe7 38. Qc5 Qf8 39. Nb7 Rxb7 40. Qxf8+ Rxf8 41. Rxb7 Rd8 42. b6 Kg8 43. Ra7 Kf7 44. Bb5 1-0

[Event "GEO-ch (Women) 75th"]
[Site "Tbilisi"]
[Date "2018.02.18"]
[Round "3"]
[White "Arabidze, Meri"]
[Black "Tsereteli, Tamari"]
[Result "1-0"]
[WhiteElo "2356"]
[BlackElo "2332"]
[PlyCount "151"]
[EventDate "2018.02.16"]
[EventType "tourn"]
[EventRounds "9"]
[EventCountry "GEO"]
[EventCategory "5"]
[SourceTitle "CBM 183 Extra"]
[Source "ChessBase"]
[SourceDate "2018.04.19"]
[SourceVersion "1"]
[SourceVersionDate "2018.04.19"]
[SourceQuality "1"]

1. d4 Nf6 2. c4 d6 3. Nf3 g6 4. Nc3 Bg7 5. g3 0-0 6. Bg2 Nc6 7. 0-0 a6 8. Bf4 Rb8 9. Rc1 Bg4 10. d5 Na5 11. b3 c5 12. Qd3 b5 13. Nd2 bxc4 14. bxc4 Qd7 15. e4 Bh3 16. Rb1 Bxg2 17. Kxg2 Ng4 18. Qc2 e5 19. Bg5 f6 20. Be3 f5 21. exf5 gxf5 22. h3 Rxb1 23. Qxb1 Nxe3+ 24. fxe3 Bh6 25. Qd3 e4 26. Qe2 Qg7 27. Nd1 Kh8 28. g4 Qg5 29. Rf2 Rg8 30. Kf1 Qh4 31. Rxf5 Qxh3+ 32. Qg2 Qxg2+ 33. Kxg2 Rxg4+ 34. Kf1 Rg8 35. Ke2 Bg7 36. Nf2 Be5 37. Nfxe4 h6 38. Kd3 Rg2 39. Rf7 Rg7 40. Rf8+ Rg8 41. Rf5 Rg2 42. Nf3 Bg7 43. Nxd6 Rxa2 44. Nd2 Ra3+ 45. Ke2 Ra2 46. Kd3 Ra3+ 47. Ke4 Rc3 48. Rf7 Rc2 49. Kd3 Rc3+ 50. Ke4 Rc2 51. Nf3 Nxc4 52. Nxc4 Rxc4+ 53. Kf5 Rc3 54. Ke4 Rc4+ 55. Kf5 Rc3 56. Kf4 Rd3 57. Ke4 Rd1 58. Rc7 a5 59. Rxc5 a4 60. Ra5 Ra1 61. d6 a3 62. Ra8+ Kh7 63. d7 Rd1 64. Nd4 Bf6 65. Rxa3 Bg5 66. Ra8 Re1 67. Ra3 Rd1 68. Rd3 Rxd3 69. Kxd3 Kg6 70. Ne6 Be7 71. Ke4 h5 72. d8Q Bxd8 73. Nxd8 Kf6 74. Nc6 h4 75. Ne5 h3 76. Nf3 1-0

[Event "GEO-ch (Women) 74th"]
[Site "Tbilisi"]
[Date "2017.03.18"]
[Round "7"]
[White "Khukhashvili, Sopiko"]
[Black "Tsereteli, Tamari"]
[Result "0-1"]
[WhiteElo "2368"]
[BlackElo "2350"]
[PlyCount "70"]
[EventDate "2017.03.11"]
[EventType "tourn"]
[EventRounds "9"]
[EventCountry "GEO"]
[EventCategory "4"]
[SourceTitle "CBM 177 Extra"]
[Source "ChessBase"]
[SourceDate "2017.04.27"]
[SourceVersion "1"]
[SourceVersionDate "2017.04.27"]
[SourceQuality "1"]

1. e4 c5 2. Nf3 Nc6 3. d4 cxd4 4. Nxd4 Nf6 5. Nc3 e5 6. Ndb5 d6 7. Bg5 a6 8. Na3 b5 9. Nd5 Be7 10. Bxf6 Bxf6 11. c3 Rb8 12. Nc2 Bg5 13. a4 bxa4 14. Ncb4 Bd7 15. Bxa6 Nxb4 16. Nxb4 Qa5 17. Bd3 Rxb4 18. cxb4 Qxb4+ 19. Kf1 0-0 20. h4 Bd8 21. Qe2 Bb6 22. Rc1 Bd4 23. Rc7 Be6 24. Rc2 Rb8 25. Bc4 a3 26. Bxe6 axb2 27. g3 b1Q+ 28. Kg2 Qxh1+ 29. Kxh1 fxe6 30. Kg2 Bc5 31. h5 h6 32. Qg4 Qb3 33. Re2 Rf8 34. Rd2 Kh8 35. Re2 Qd1 0-1

[Event "GEO-ch (Women) 74th"]
[Site "Tbilisi"]
[Date "2017.03.17"]
[Round "6"]
[White "Tsereteli, Tamari"]
[Black "Gvetadze, Sofio"]
[Result "1/2-1/2"]
[WhiteElo "2350"]
[BlackElo "2285"]
[PlyCount "72"]
[EventDate "2017.03.11"]
[EventType "tourn"]
[EventRounds "9"]
[EventCountry "GEO"]
[EventCategory "4"]
[SourceTitle "CBM 177 Extra"]
[Source "ChessBase"]
[SourceDate "2017.04.27"]
[SourceVersion "1"]
[SourceVersionDate "2017.04.27"]
[SourceQuality "1"]

1. e4 g6 2. d4 Bg7 3. Nc3 c5 4. Be3 Qb6 5. Nd5 Qd8 6. Nf3 Nc6 7. Qd2 cxd4 8. Nxd4 Nf6 9. Nxf6+ Bxf6 10. Be2 0-0 11. h4 d5 12. exd5 Nxd4 13. Bxd4 Qxd5 14. Bxf6 Qxg2 15. 0-0-0 exf6 16. h5 Qg5 17. f4 Qc5 18. Bd3 Bf5 19. Bxf5 Qxf5 20. Qh2 g5 21. fxg5 fxg5 22. Rhf1 Qa5 23. Qg2 h6 24. Kb1 Qa6 25. Rd7 Rad8 26. Rxb7 Rd2 27. Qf3 Qc4 28. Rc1 Rc8 29. b3 Qf4 30. Qxf4 gxf4 31. Rg1+ Kf8 32. Rf1 Rcxc2 33. Rxf4 Rb2+ 34. Kc1 Kg8 35. Rbxf7 Rbc2+ 36. Kb1 Rb2+ 1/2-1/2

[Event "GEO-ch (Women) 74th"]
[Site "Tbilisi"]
[Date "2017.03.12"]
[Round "2"]
[White "Tsereteli, Tamari"]
[Black "Khurtsidze, Nino"]
[Result "1/2-1/2"]
[WhiteElo "2350"]
[BlackElo "2383"]
[PlyCount "69"]
[EventDate "2017.03.11"]
[EventType "tourn"]
[EventRounds "9"]
[EventCountry "GEO"]
[EventCategory "4"]
[SourceTitle "CBM 177 Extra"]
[Source "ChessBase"]
[SourceDate "2017.04.27"]
[SourceVersion "1"]
[SourceVersionDate "2017.04.27"]
[SourceQuality "1"]

1. e4 c5 2. c3 Nf6 3. e5 Nd5 4. d4 cxd4 5. Nf3 e6 6. cxd4 d6 7. Bc4 Nb6 8. Bb5+ Bd7 9. Bd3 Bc6 10. 0-0 N8d7 11. Bf4 dxe5 12. dxe5 Nc5 13. Be2 Nd5 14. Bg3 Qb6 15. Na3 Qxb2 16. Nc4 Qb4 17. Rb1 Qa4 18. Qd4 b6 19. Bd1 Qa6 20. Nd6+ Bxd6 21. exd6 0-0 22. Bc2 Ba4 23. Bb3 Nxb3 24. axb3 Bb5 25. Ra1 Qb7 26. Rfe1 Rac8 27. Rad1 Rc3 28. Be5 f6 29. Qg4 fxe5 30. Qxe6+ Qf7 31. Qxf7+ Rxf7 32. Rxd5 Bc6 33. Rdxe5 Rd3 34. Ng5 Rf6 35. Re7 1/2-1/2

[Event "Tbilisi Georgian Cup"]
[Site "Tbilisi"]
[Date "2016.12.19"]
[Round "6"]
[White "Ghvamberia, Nika"]
[Black "Tsereteli, Tamari"]
[Result "0-1"]
[WhiteElo "2269"]
[BlackElo "2370"]
[PlyCount "78"]
[EventDate "2016.12.13"]
[EventType "swiss"]
[EventRounds "9"]
[EventCountry "GEO"]
[SourceTitle "CBM 176 Extra"]
[Source "ChessBase"]
[SourceDate "2017.03.02"]
[SourceVersion "1"]
[SourceVersionDate "2017.03.02"]
[SourceQuality "1"]

1. e4 c5 2. Nf3 Nc6 3. d4 cxd4 4. Nxd4 Nf6 5. Nc3 e5 6. Ndb5 d6 7. Bg5 a6 8. Na3 b5 9. Nd5 Be7 10. Bxf6 Bxf6 11. c3 Rb8 12. Nc2 Bg5 13. a4 bxa4 14. Ncb4 Bd7 15. Bxa6 Nxb4 16. Nxb4 Qa5 17. Qxd6 Rb6 18. Qd3 Be7 19. Nd5 Rxb2 20. 0-0 Qc5 21. Rab1 Rxb1 22. Rxb1 0-0 23. Rb7 Rd8 24. Qg3 a3 25. Qxe5 Bf8 26. Rb1 Bc6 27. c4 Re8 28. Qg3 Qd4 29. Qb3 Qxe4 30. h3 Bd6 31. Qd1 Be5 32. Qb3 Rb8 33. Qxb8+ Bxb8 34. Rxb8+ Be8 35. Ra8 a2 36. Bb5 Qe1+ 37. Kh2 a1Q 38. Rxa1 Qxa1 39. Bxe8 Qe5+ 0-1

[Event "Tbilisi Georgian Cup"]
[Site "Tbilisi"]
[Date "2016.12.18"]
[Round "5"]
[White "Tsereteli, Tamari"]
[Black "Khurtsidze, Nino"]
[Result "0-1"]
[WhiteElo "2370"]
[BlackElo "2381"]
[PlyCount "94"]
[EventDate "2016.12.13"]
[EventType "swiss"]
[EventRounds "9"]
[EventCountry "GEO"]
[SourceTitle "CBM 176 Extra"]
[Source "ChessBase"]
[SourceDate "2017.03.02"]
[SourceVersion "1"]
[SourceVersionDate "2017.03.02"]
[SourceQuality "1"]

1. e4 c5 2. Nf3 e6 3. d4 cxd4 4. Nxd4 Nc6 5. Nc3 Qc7 6. Be3 Nf6 7. Qd2 Bb4 8. f3 Nxd4 9. Bxd4 e5 10. Bf2 Bxc3 11. Qxc3 Qxc3+ 12. bxc3 d6 13. c4 b6 14. a4 Be6 15. a5 Ke7 16. Bd3 Nd7 17. Kd2 Rac8 18. Rhb1 Rc6 19. axb6 axb6 20. Ra7 Rb8 21. c5 dxc5 22. Bb5 Rd6+ 23. Kc1 Rd8 24. Rb7 Kf6 25. Bxd7 R8xd7 26. R7xb6 Rd1+ 27. Kb2 R1d2 28. Bxc5 Rxg2 29. Bg1 Rd8 30. h4 Ra8 31. Rc1 Ra2+ 32. Kb1 Ra3 33. Rf1 g5 34. Kb2 Ra2+ 35. Kb1 Raxc2 36. hxg5+ Kxg5 37. Be3+ Kh4 38. f4 Ba2+ 39. Ka1 Bc4 40. Rd1 Ra2+ 41. Kb1 Ra3 42. Rd2 Kg3 43. Rxg2+ Kxg2 44. Bc1 Rb3+ 45. Rxb3 Bxb3 46. Kb2 Ba4 47. Kc3 h5 0-1

[Event "Tbilisi Georgian Cup"]
[Site "Tbilisi"]
[Date "2016.12.16"]
[Round "3"]
[White "Morchiashvili, Bachana"]
[Black "Tsereteli, Tamari"]
[Result "1/2-1/2"]
[WhiteElo "2420"]
[BlackElo "2370"]
[PlyCount "131"]
[EventDate "2016.12.13"]
[EventType "swiss"]
[EventRounds "9"]
[EventCountry "GEO"]
[SourceTitle "CBM 176 Extra"]
[Source "ChessBase"]
[SourceDate "2017.03.02"]
[SourceVersion "1"]
[SourceVersionDate "2017.03.02"]
[SourceQuality "1"]

1. d4 Nf6 2. Nf3 e6 3. c4 d5 4. Nc3 Bb4 5. cxd5 exd5 6. Bg5 h6 7. Bh4 c5 8. e3 c4 9. Bxf6 Qxf6 10. g3 Bf5 11. Bg2 Be4 12. 0-0 Bxc3 13. bxc3 0-0 14. Ne5 Bxg2 15. Kxg2 Qe6 16. Rb1 f6 17. Nf3 Rf7 18. Nd2 Nc6 19. Qf3 Re7 20. Rfe1 Qd7 21. e4 Rae8 22. Re3 dxe4 23. Nxe4 b6 24. Rbe1 f5 25. Nd2 b5 26. a3 Kh7 27. Nf1 a5 28. Rxe7 Rxe7 29. Ne3 g6 30. h4 h5 31. Nd5 Rf7 32. Nf4 Re7 33. Nd5 Rf7 34. Nb6 Qb7 35. Qd5 Rc7 36. Re8 Ne7 37. Qxb7 Rxb7 38. d5 Rxb6 39. Rxe7+ Kh6 40. Rc7 b4 41. Rc6 bxa3 42. Rxc4 Rd6 43. Rc5 Ra6 44. d6 Rxd6 45. Rxa5 g5 46. hxg5+ Kxg5 47. Rxa3 Rc6 48. Kf3 Rc8 49. Ke3 Re8+ 50. Kd3 Rd8+ 51. Kc2 Re8 52. Ra2 f4 53. Ra5+ Kg4 54. gxf4 h4 55. Kd3 h3 56. Rg5+ Kxf4 57. Rh5 Kg4 58. Rh7 Re5 59. f3+ Kg3 60. c4 h2 61. Kd4 Re1 62. c5 h1Q 63. Rxh1 Rxh1 64. c6 Kf4 65. Kd5 Kf5 66. c7 1/2-1/2

[Event "TUR-chT2"]
[Site "Konya"]
[Date "2011.07.06"]
[Round "4"]
[White "Gara, Anita"]
[Black "Tsereteli, Tamari"]
[Result "1/2-1/2"]
[WhiteElo "2369"]
[BlackElo "2379"]
[PlyCount "48"]
[EventDate "2011.07.04"]
[EventType "team-swiss"]
[EventRounds "9"]
[EventCountry "TUR"]
[SourceTitle "CBM 143 Extra"]
[Source "ChessBase"]
[SourceDate "2011.08.29"]
[SourceVersion "1"]
[SourceVersionDate "2011.08.29"]
[SourceQuality "1"]
[WhiteTeam "Ankara Tasduvar"]
[BlackTeam "Azdur Ordu"]
[WhiteTeamCountry "TUR"]
[BlackTeamCountry "TUR"]

1. e4 c5 2. Nc3 Nc6 3. Bb5 Nd4 4. Bc4 e6 5. Nge2 Nf6 6. 0-0 d5 7. exd5 exd5 8. Nxd5 Nxd5 9. Nxd4 cxd4 10. Qh5 Be6 11. Re1 Be7 12. Rxe6 0-0 13. Re1 Nb4 14. Bb3 Rc8 15. Qf5 Rc5 16. Qe4 Bd6 17. f4 Qc7 18. Rf1 Nxc2 19. Rb1 Qc6 20. d3 b5 21. Bd2 Re8 22. Qxc6 Rxc6 23. Rbc1 Rec8 24. a3 Ne3 1/2-1/2

[Event "TUR-chT2"]
[Site "Konya"]
[Date "2011.07.06"]
[Round "3"]
[White "Tsereteli, Tamari"]
[Black "Arig, Busra"]
[Result "1-0"]
[WhiteElo "2379"]
[BlackElo "1791"]
[PlyCount "107"]
[EventDate "2011.07.04"]
[EventType "team-swiss"]
[EventRounds "9"]
[EventCountry "TUR"]
[SourceTitle "CBM 143 Extra"]
[Source "ChessBase"]
[SourceDate "2011.08.29"]
[SourceVersion "1"]
[SourceVersionDate "2011.08.29"]
[SourceQuality "1"]
[WhiteTeam "Azdur Ordu"]
[BlackTeam "Ankara Demirspor"]
[WhiteTeamCountry "TUR"]
[BlackTeamCountry "TUR"]

1. e4 e5 2. Nf3 Nf6 3. Nc3 Nc6 4. Bb5 Bb4 5. 0-0 0-0 6. d3 Bxc3 7. bxc3 d6 8. Bxc6 bxc6 9. h3 Re8 10. Bg5 h6 11. Bh4 d5 12. Qc1 Qd6 13. Bg3 Nh5 14. Bh2 dxe4 15. dxe4 Qf6 16. Qe3 g5 17. Ne1 Nf4 18. Nd3 Ba6 19. Rfd1 Bc4 20. Qc5 Qe6 21. Bxf4 exf4 22. f3 a5 23. Nb2 Ba6 24. a4 Red8 25. Rxd8+ Rxd8 26. Qxa5 Be2 27. Qf5 Qd6 28. Nd3 Bxd3 29. cxd3 Qxd3 30. h4 Qxc3 31. Rf1 Qd4+ 32. Kh1 Qxa4 33. Rg1 Qd4 34. hxg5 Qg7 35. Qxf4 hxg5 36. Qxc7 Qh6+ 37. Qh2 Qxh2+ 38. Kxh2 c5 39. Rc1 Rc8 40. Kg3 Kg7 41. Kf2 Kf6 42. Ke3 Ke5 43. Rd1 Ke6 44. Rd5 f6 45. Kd3 Rc6 46. Kc4 Rc8 47. g3 Rc7 48. f4 gxf4 49. gxf4 Rc8 50. Rxc5 Re8 51. Rc6+ Kd7 52. Kd5 Ke7 53. Re6+ Kf7 54. Rxe8 1-0

[Event "WUCC op (Women) 11th"]
[Site "Zuerich"]
[Date "2010.09.10"]
[Round "8"]
[White "Tsereteli, Tamari"]
[Black "Seps, Monika"]
[Result "1-0"]
[WhiteElo "2384"]
[BlackElo "2184"]
[PlyCount "91"]
[EventDate "2010.09.05"]
[EventType "swiss"]
[EventRounds "9"]
[EventCountry "SUI"]
[SourceTitle "CBM 138 Extra"]
[Source "ChessBase"]
[SourceDate "2010.10.29"]
[SourceVersion "1"]
[SourceVersionDate "2010.10.29"]
[SourceQuality "1"]

1. e4 c5 2. Nf3 Nc6 3. Bb5 g6 4. Bxc6 dxc6 5. h3 Bg7 6. d3 Nf6 7. Nc3 Nd7 8. Be3 0-0 9. Qd2 Qb6 10. Rb1 Bxc3 11. Qxc3 Qb4 12. Qd2 Qxd2+ 13. Nxd2 b6 14. a4 Nb8 15. Nc4 Be6 16. b3 Na6 17. Ke2 f6 18. f4 Rfd8 19. c3 Rd7 20. g4 Rad8 21. Rbd1 Bf7 22. Rd2 Nc7 23. Rb1 Kg7 24. Rg1 Kh8 25. Rb1 Kg7 26. Na3 Na6 27. a5 b5 28. Nc2 Re8 29. b4 c4 30. Na3 cxd3+ 31. Rxd3 Rxd3 32. Kxd3 Rd8+ 33. Ke2 Rd7 34. Rd1 Rc7 35. Kf3 c5 36. bxc5 Nxc5 37. Nxb5 Rb7 38. Nxa7 Na4 39. a6 Rb2 40. Nc6 Be8 41. Nxe7 Nxc3 42. Bd4 Rb3 43. Rd3 Kf7 44. Bxc3 Bb5 45. Re3 Bxa6 46. Nd5 1-0

[Event "WUCC op (Women) 11th"]
[Site "Zuerich"]
[Date "2010.09.06"]
[Round "3"]
[White "Lkhamsuren, Uuganbayar"]
[Black "Tsereteli, Tamari"]
[Result "1/2-1/2"]
[WhiteElo "2206"]
[BlackElo "2384"]
[PlyCount "158"]
[EventDate "2010.09.05"]
[EventType "swiss"]
[EventRounds "9"]
[EventCountry "SUI"]
[SourceTitle "CBM 138 Extra"]
[Source "ChessBase"]
[SourceDate "2010.10.29"]
[SourceVersion "1"]
[SourceVersionDate "2010.10.29"]
[SourceQuality "1"]

1. e4 c5 2. Nf3 Nc6 3. Bb5 g6 4. Bxc6 dxc6 5. d3 Bg7 6. h3 e5 7. Be3 Qe7 8. Nc3 Nf6 9. Qd2 Nd7 10. Bh6 f6 11. Nh2 Bxh6 12. Qxh6 Nf8 13. 0-0-0 Ne6 14. Qd2 Bd7 15. Ng4 0-0-0 16. Ne2 Nd4 17. Ne3 Be6 18. Kb1 Qf7 19. b3 Qc7 20. Rde1 Rd7 21. Qc3 b6 22. Rhf1 h5 23. f4 Rf7 24. fxe5 fxe5 25. Ng1 Rhf8 26. Kb2 Rf2 27. Rxf2 Rxf2 28. Rf1 Rxf1 29. Nxf1 a5 30. Ne3 Qf7 31. Qe1 a4 32. Qf1 Qf4 33. Qxf4 exf4 34. Nf1 axb3 35. axb3 g5 36. Nd2 Bg8 37. c3 Ne6 38. Kc2 b5 39. Kd1 Kc7 40. Ke1 Kd6 41. Kf2 g4 42. h4 Ke5 43. Ne2 Bf7 44. b4 cxb4 45. d4+ Kd6 46. cxb4 Bg6 47. Kf1 Bh7 48. Kf2 Bg6 49. Kf1 f3 50. gxf3 gxf3 51. e5+ Kd5 52. Nxf3 Kc4 53. Kf2 Kxb4 54. Ke3 Ka3 55. Nd2 b4 56. Nc4+ Ka4 57. Kd2 Bf5 58. Ne3 Be4 59. Nc2 Bf3 60. Ng1 Be4 61. Ne2 Bf3 62. Ng1 Bg4 63. Kc1 Bf5 64. Nf3 Bxc2 65. Kxc2 Ka3 66. Kd3 b3 67. Nd2 b2 68. Kc3 Ka2 69. Kc4 b1Q 70. Nxb1 Kxb1 71. d5 cxd5+ 72. Kxd5 Ng7 73. e6 Kc2 74. e7 Kd3 75. Ke5 Ne8 76. Kf5 Kd4 77. Kg6 Ke5 78. Kxh5 Kf6 79. Kg4 Kxe7 1/2-1/2

[Event "Tbilisi Cup"]
[Site "Tbilisi"]
[Date "2010.05.23"]
[Round "9"]
[White "Al Khattab, Ghassan M Ali Ajmed"]
[Black "Tsereteli, Tamari"]
[Result "0-1"]
[WhiteElo "2138"]
[BlackElo "2402"]
[PlyCount "76"]
[EventDate "2010.05.15"]
[EventType "swiss"]
[EventRounds "9"]
[EventCountry "GEO"]
[SourceTitle "CBM 136 Extra"]
[Source "ChessBase"]
[SourceDate "2010.07.02"]
[SourceVersion "2"]
[SourceVersionDate "2010.07.15"]
[SourceQuality "1"]

1. e4 c5 2. Nf3 Nc6 3. d4 cxd4 4. Nxd4 Nf6 5. Nc3 e5 6. Ndb5 d6 7. Bg5 a6 8. Bxf6 gxf6 9. Na3 b5 10. Nd5 f5 11. Bd3 Be6 12. 0-0 Bxd5 13. exd5 Ne7 14. c4 Bg7 15. cxb5 e4 16. Be2 Bxb2 17. bxa6 0-0 18. Nc2 Bxa1 19. Nxa1 Qa5 20. Bc4 Rfc8 21. Bb3 Qc3 22. Nc2 Rxa6 23. f3 Rb6 24. Nd4 Qd3 25. fxe4 Qxd1 26. Rxd1 fxe4 27. Re1 f5 28. g4 Rb4 29. Nxf5 Nxf5 30. gxf5 Kg7 31. Re3 Kf6 32. Rh3 Kxf5 33. Kf2 Ke5 34. Rxh7 Kd4 35. Ke2 Rg8 36. Rh3 Rg2+ 37. Kf1 Rb2 38. Ke1 Rb8 0-1

[Event "Tbilisi Cup"]
[Site "Tbilisi"]
[Date "2010.05.20"]
[Round "6"]
[White "Tsereteli, Tamari"]
[Black "Tsikhelashvili, Giorgi"]
[Result "1/2-1/2"]
[WhiteElo "2402"]
[BlackElo "2116"]
[PlyCount "81"]
[EventDate "2010.05.15"]
[EventType "swiss"]
[EventRounds "9"]
[EventCountry "GEO"]
[SourceTitle "CBM 136 Extra"]
[Source "ChessBase"]
[SourceDate "2010.07.02"]
[SourceVersion "2"]
[SourceVersionDate "2010.07.15"]
[SourceQuality "1"]

1. e4 c5 2. Nf3 Nc6 3. d4 cxd4 4. Nxd4 Nf6 5. Nc3 e6 6. Ndb5 Bb4 7. a3 Bxc3+ 8. Nxc3 d5 9. exd5 exd5 10. Bd3 0-0 11. 0-0 Bg4 12. f3 Be6 13. Ne2 Qb6+ 14. Kh1 d4 15. Nf4 Bd7 16. Qe1 Rfe8 17. Qh4 h6 18. Ne2 Ne5 19. Qxd4 Nxd3 20. Qxd3 Bb5 21. c4 Rad8 22. Qc2 Ba4 23. Qxa4 Rxe2 24. Bf4 Nh5 25. c5 Qxc5 26. Rac1 Qe7 27. Bc7 Rdd2 28. Rg1 Rxb2 29. Qxa7 Qg5 30. Qc5 Rxg2 31. Qxg5 Rxg5 32. Rxg5 hxg5 33. Rc5 f6 34. h4 Nf4 35. Bxf4 gxf4 36. Rc4 Ra2 37. Rb4 Rxa3 38. Kg2 Kh7 39. Rxb7 Kh6 40. Rb4 g5 41. Rb6 1/2-1/2

[Event "Tbilisi Cup"]
[Site "Tbilisi"]
[Date "2010.05.17"]
[Round "3"]
[White "Eranyan, Khachatur"]
[Black "Tsereteli, Tamari"]
[Result "1/2-1/2"]
[WhiteElo "2055"]
[BlackElo "2402"]
[PlyCount "184"]
[EventDate "2010.05.15"]
[EventType "swiss"]
[EventRounds "9"]
[EventCountry "GEO"]
[SourceTitle "CBM 136 Extra"]
[Source "ChessBase"]
[SourceDate "2010.07.02"]
[SourceVersion "2"]
[SourceVersionDate "2010.07.15"]
[SourceQuality "1"]

1. d4 d5 2. c4 e6 3. Nf3 Nf6 4. Nc3 Bb4 5. Bg5 h6 6. Bxf6 Qxf6 7. e3 0-0 8. Bd3 c5 9. 0-0 cxd4 10. exd4 Bxc3 11. bxc3 dxc4 12. Bxc4 Nc6 13. Qe2 b6 14. Bd3 Bb7 15. Qe4 g6 16. Qe3 Kg7 17. Be4 Na5 18. Bxb7 Nxb7 19. Ne5 Rfd8 20. a4 Rac8 21. a5 Nxa5 22. f4 Qe7 23. Qg3 Kh7 24. Qh3 f6 25. Ng4 Qg7 26. Rae1 f5 27. Ne5 Nc6 28. Nf3 Re8 29. Re3 Kg8 30. Rfe1 Nd8 31. Nh4 Rf8 32. Nxg6 Rf6 33. Ne5 Kh7 34. Rg3 Qe7 35. Qh4 Rc7 36. Qh5 Qf8 37. Nf3 Rg7 38. Rxg7+ Kxg7 39. Ne5 Qa3 40. Qf3 Qd6 41. Qg3+ Kh7 42. Qh4 Qe7 43. Nf3 Rf7 44. Qh5 Rf8 45. Ne5 Rg8 46. Qf3 Nf7 47. Nxf7 Qxf7 48. Qc6 Rg6 49. Re5 Qg8 50. Qd7+ Rg7 51. Qc6 Rg6 52. g3 h5 53. Kf2 Kh6 54. c4 Qd8 55. d5 exd5 56. Qxd5 Qxd5 57. cxd5 a5 58. Ke3 h4 59. Kd4 hxg3 60. hxg3 a4 61. Re3 Rd6 62. Rc3 b5 63. Rc6 Rg6 64. d6 a3 65. Kc3 Rxg3+ 66. Kb4 Rd3 67. Kxb5 Kh5 68. Kc4 a2 69. Ra6 Rxd6 70. Rxa2 Kg4 71. Rf2 Kg3 72. Rf1 Kg2 73. Ra1 Kf3 74. Kc5 Re6 75. Rf1+ Kg3 76. Kd4 Re4+ 77. Kd3 Rxf4 78. Rg1+ Kf2 79. Rg8 Rg4 80. Ra8 f4 81. Ra2+ Kg3 82. Ra1 Kf3 83. Rf1+ Kg2 84. Ke2 Rh4 85. Rf3 Rg4 86. Rf1 Kg3 87. Rg1+ Kh4 88. Rxg4+ Kxg4 89. Kf2 f3 90. Kf1 Kg3 91. Kg1 f2+ 92. Kf1 Kf3 1/2-1/2

[Event "GEO-ch (Women)"]
[Site "Tbilisi"]
[Date "2010.01.21"]
[Round "12"]
[White "Tsereteli, Tamari"]
[Black "Arabidze, Meri"]
[Result "1/2-1/2"]
[WhiteElo "2403"]
[BlackElo "2282"]
[PlyCount "61"]
[EventDate "2010.01.09"]
[EventType "tourn"]
[EventRounds "13"]
[EventCountry "GEO"]
[EventCategory "5"]
[SourceTitle "CBM 134 Extra"]
[Source "ChessBase"]
[SourceDate "2010.03.03"]
[SourceVersion "1"]
[SourceVersionDate "2010.03.03"]
[SourceQuality "1"]

1. e4 c6 2. d4 d5 3. exd5 cxd5 4. c4 Nf6 5. Nc3 e6 6. Nf3 Bb4 7. cxd5 Nxd5 8. Bd2 Nc6 9. Bd3 0-0 10. 0-0 Nf6 11. Bg5 h6 12. Bh4 Be7 13. Re1 b6 14. a3 Bb7 15. Bc2 Nh5 16. d5 exd5 17. Qd3 f5 18. Bxe7 Nxe7 19. Qe3 Rf7 20. Nd4 Nf6 21. Bxf5 Nxf5 22. Nxf5 Ne4 23. Nxe4 Rxf5 24. Ng3 Rf7 25. Qe6 Qc8 26. Rad1 Qc2 27. Qe2 Rc8 28. Rd2 Qc6 29. f3 Qc5+ 30. Qf2 Re7 31. Qxc5 1/2-1/2

[Event "GEO-ch (Women)"]
[Site "Tbilisi"]
[Date "2010.01.20"]
[Round "11"]
[White "Tsatsalashvili, Ketevan"]
[Black "Tsereteli, Tamari"]
[Result "1/2-1/2"]
[WhiteElo "2312"]
[BlackElo "2403"]
[PlyCount "75"]
[EventDate "2010.01.09"]
[EventType "tourn"]
[EventRounds "13"]
[EventCountry "GEO"]
[EventCategory "5"]
[SourceTitle "CBM 134 Extra"]
[Source "ChessBase"]
[SourceDate "2010.03.03"]
[SourceVersion "1"]
[SourceVersionDate "2010.03.03"]
[SourceQuality "1"]

1. d4 Nf6 2. c4 e6 3. Nf3 c5 4. d5 exd5 5. cxd5 d6 6. Nc3 g6 7. g3 Bg7 8. Nd2 0-0 9. Nc4 Nh5 10. Bg2 Re8 11. 0-0 b6 12. Qa4 Bd7 13. Qb3 Bc8 14. Bf3 Ba6 15. Nb5 Bxb5 16. Qxb5 Nf6 17. Bg5 Re7 18. a4 Rb7 19. Qb3 h6 20. Bf4 Ne8 21. a5 g5 22. Bd2 Nd7 23. a6 Rc7 24. Bc3 Qe7 25. Ne3 Bxc3 26. bxc3 Ng7 27. Ng4 h5 28. Ne3 Ne5 29. Be4 Ng4 30. Nxg4 hxg4 31. Bg2 Re8 32. e4 Qf6 33. c4 Qd4 34. Rad1 Qe5 35. f4 gxf3 36. Qxf3 Rce7 37. Qg4 Rf8 38. Kh1 1/2-1/2